अँधेरे के विरुद्ध / (Record no. 116456)

MARC details
000 -LEADER
fixed length control field 00945nam a22002537a 4500
005 - DATE AND TIME OF LATEST TRANSACTION
control field 20170124103039.0
010 ## - LIBRARY OF CONGRESS CONTROL NUMBER
LC control number A-974149
020 ## - INTERNATIONAL STANDARD BOOK NUMBER
Terms of availability 150.00
035 ## - SYSTEM CONTROL NUMBER
System control number A-974149
037 ## - SOURCE OF ACQUISITION
Source of stock number/acquisition Cen Lib/Ret
040 ## - CATALOGING SOURCE
Original cataloging agency DPL
Language of cataloging HN
082 ## - DEWEY DECIMAL CLASSIFICATION NUMBER
Classification number
Item number गोयल
100 ## - MAIN ENTRY--PERSONAL NAME
Personal name गोयल, रामगोपाल
9 (RLIN) 66628
245 ## - TITLE STATEMENT
Title अँधेरे के विरुद्ध /
Statement of responsibility, etc रामगोपाल गोयल
246 ## - VARYING FORM OF TITLE
Title proper/short title Andhere ke viruddha
Remainder of title by Ramgopal Gpyal
260 ## - PUBLICATION, DISTRIBUTION, ETC. (IMPRINT)
Place of publication, distribution, etc अजमेर
Name of publisher, distributor, etc अतिन प्रकाशन
Date of publication, distribution, etc 1998
270 ## - ADDRESS
Address 59, शाश्त्री नगर
City अजमेर
300 ## - PHYSICAL DESCRIPTION
Extent 148पृष्ठ.
Dimensions 20सेमी(सजिल्द)
650 ## - SUBJECT ADDED ENTRY--TOPICAL TERM
Topical term or geographic name as entry element हिंदी साहित्य
9 (RLIN) 66629
650 ## - SUBJECT ADDED ENTRY--TOPICAL TERM
Topical term or geographic name as entry element हिंदीउपन्यास
9 (RLIN) 560
650 ## - SUBJECT ADDED ENTRY--TOPICAL TERM
Topical term or geographic name as entry element Hindi literature
9 (RLIN) 66630
650 ## - SUBJECT ADDED ENTRY--TOPICAL TERM
Topical term or geographic name as entry element hindi novel
9 (RLIN) 66631
942 ## - ADDED ENTRY ELEMENTS (KOHA)
Source of classification or shelving scheme Dewey Decimal Classification
Koha item type Hindi Books
Classification part
Call number suffix गोयल
Holdings
Withdrawn status Lost status Damaged status Not for loan Home library Current library Date acquired Source of acquisition Cost, normal purchase price Total Checkouts Full call number Barcode Date last seen Copy number Cost, replacement price Price effective from Koha item type Public note
Written off       Central Library Central Library 24/08/2015 Cen Lib /Ret 150.00   उ गोयल A-974149 24/08/2015 1 150.00 24/08/2015 Hindi Books Written off on approval by DLB (By Circulation); dtd 20.12.2022

© Delhi Public Library
Hit Counter
free hit counter